Odd One Out #1 - Statistics

General Stats
  • This quiz has been taken 39 times
  • The average score is 86 of 90
Answer Stats
Question Tile Select % Correct
Cars Aston Martin No
100%
Drinks Beer No
100%
Cars BMW No
100%
Cars Bugatti No
100%
Musicians Camila Cabello No
100%
Musical Instruments Clarinet No
100%
Drinks Coffee No
100%
American presidents Dwight D. Eisenhower No
100%
Musicians Ed Sheeran No
100%
Cars Ferrari No
100%
Musical Instruments Flute No
100%
American presidents George Washington No
100%
American presidents George W. Bush No
100%
Colors Green No
100%
Musical Instruments Guitar No
100%
American presidents Joe Biden No
100%
Drinks Kool-Aid No
100%
Cars Lamborghini No
100%
Colors Magenta No
100%
Cars McLaren No
100%
Kitchen appliances Microwave No
100%
Drinks Milk No
100%
Drinks Mountain Dew No
100%
Musicians Nicki Minaj No
100%
Colors Orange No
100%
Kitchen appliances Oven No
100%
Musical Instruments Piano No
100%
Colors Pink No
100%
Kitchen appliances Refrigerator No
100%
American presidents Richard Nixon No
100%
Musicians Sam Smith No
100%
Musical Instruments Saxophone No
100%
Kitchen appliances Sink No
100%
Kitchen appliances Stove No
100%
Drinks Tea No
100%
American presidents Thomas Jefferson No
100%
Kitchen appliances Toaster No
100%
Musical Instruments Trombone No
100%
Colors Turquoise No
100%
Kitchen appliances Waffle maker No
100%
Drinks Water No
100%
Physical Sports American Football No
97%
American presidents Andrew Johnson No
97%
Physical Sports Basketball No
97%
Physical Sports Boxing No
97%
Drinks Butter Yes
97%
Kitchen appliances Dishwasher No
97%
Snack brands Doritos No
97%
Musical Instruments Drums No
97%
Social media platforms Facebook No
97%
Snack brands Fritos No
97%
Social media platforms Instagram No
97%
American presidents John Adams No
97%
Musicians Lewis Capaldi No
97%
Social media platforms Messenger No
97%
Cars Nissan No
97%
Cars Porsche No
97%
Colors Purple No
97%
Colors Red No
97%
American presidents Rick Astley Yes
97%
Physical Sports Soccer/Intl. Football No
97%
Kitchen appliances Sofa Yes
97%
Musical Instruments Trumpet No
97%
Social media platforms Twitter No
97%
Drinks Wine No
97%
Musicians Bad Bunny No
95%
Snack brands Chips Ahoy No
95%
Musical Instruments Clamps Yes
95%
Physical Sports Cricket No
95%
Social media platforms Google Services (Chat/Hangouts, Gmail) No
95%
Physical Sports Rugby No
95%
Cars Technoblade Yes
95%
Physical Sports Tennis No
95%
Social media platforms TikTok No
95%
Social media platforms WhatsApp No
95%
Musicians Juice WRLD No
92%
Snack brands Nutter Butter No
92%
Snack brands Tostitos No
92%
Snack brands Triscuit No
92%
Colors Beauty Yes
90%
Colors Blonde No
90%
Snack brands Takis No
90%
Musicians Alan Walker No
85%
Physical Sports Bowling No
85%
Social media platforms Discord No
77%
Snack brands Goldfish No
77%
Physical Sports Jump Run Yes
77%
Musicians Tom Holland Yes
72%
Social media platforms ChatGPT Yes
69%
Snack brands Gerber Yes
54%
No matching quizzes found
Score Distribution
Percent of People with Each Score
Percentile by Number Answered
Your Score History
You have not taken this quiz